• 首页
  • 本馆介绍
  • 公告通知
  • 最新文献
  • 馆藏检索
  • 电子资源
  • 读者导购
  • 参考咨询
  • 我的图书馆
  • 登录
  • 详细信息显示
  • 放入我的书架
  • 预约/预借图书
  • 作者相关作品
  • 分类相关作品
  • 丛书相关作品
  • 出版社相关作品

书目信息

  • 表格格式
  • 工作单格式
  • 卡片格式
题名:
人人可懂的量子计算
    
 
作者: 伯恩哈特 著 ;邱道文 , 周旭 , 萧利刚 , 林一诺 译
分册:  
出版信息: 北京   机械工业出版社  2021.1
页数: 18,233页
开本: 21cm
丛书名:
单 册:
中图分类: TP385
科图分类:
主题词: 量子计算机
电子资源:
ISBN: 978-7-111-64668-6
000 01420nam0 2200349 45
001 012001002580
005 20140914143745.0
010    @a978-7-111-64668-6@dCNY59.00
100    @a20200512d2020 em y0chiy50 ea
101 1  @achi@ceng
102    @aCN@b110000
105    @aa z 000yy
106    @ar
200 1  @a人人可懂的量子计算@Aren ren ke dong de liang zi ji suan@b专著@dQuantum computing for everyone@f(美)克里斯·伯恩哈特(Chris Bernhardt)著@g邱道文[等]译@zeng
210    @a北京@c机械工业出版社@d2021.1
215    @a18,233页@c图@d21cm
300    @a华章IT
300    @a并列题名:Quantum computing for everyone
304    @a译者还有:周旭、萧利刚、林一诺、朱祎康
305    @a由MIT Press通过Bardon-Chinese Media Agency授权出版
306    @a本书限中国大陆发行
330    @a本书从量子计算的基本单位——量子比特开始,然后讨论量子比特测量、量子纠缠和量子密码学。之后回顾了经典计算中的标准主题——比特、门和逻辑,并描述了EdwardFredkin独创的台球计算机。最后定义了量子门,考虑量子算法的速度,以及量子计算对未来生活的影响。
510 1  @aQuantum computing for everyone@zeng
606 0  @a量子计算机
690    @aTP385@v5
701  1 @c(美)@a伯恩哈特@Abo en ha te@gBernhardt, Chris@4著
702  0 @a邱道文@Aqiu dao wen@4译
702  0 @a周旭@AZHOU XU@4译
702  0 @a萧利刚@Axiao li gang@4译
702  0 @a林一诺@Alin yi nuo@4译
801  2 @aCN@bBJSDL@c20211018
905    @b1344438-41@dTP385@e84@f4
    
    人人可懂的量子计算=Quantum computing for everyone/(美)克里斯·伯恩哈特(Chris Bernhardt)著/邱道文[等]译.-北京:机械工业出版社,2021.1
    18,233页:图;21cm
    华章IT.-并列题名:Quantum computing for everyone
    
    ISBN 978-7-111-64668-6:CNY59.00
    本书从量子计算的基本单位——量子比特开始,然后讨论量子比特测量、量子纠缠和量子密码学。之后回顾了经典计算中的标准主题——比特、门和逻辑,并描述了EdwardFredkin独创的台球计算机。最后定义了量子门,考虑量子算法的速度,以及量子计算对未来生活的影响。
●
相关链接 在E读中查询图书 在五车中查询图书 在当当中查询图书 在豆瓣中查询图书


正题名:人人可懂的量子计算     索取号:TP385/84         预约/预借

序号 登录号 条形码 馆藏地/架位号 状态 备注
1 1344438   213444389   第二样本阅览室/ [索取号:TP385/84] 在馆    
2 1344439   213444398   第三借阅区/ [索取号:TP385/84] 在馆    
3 1344440   213444405   第三借阅区/ [索取号:TP385/84] 在馆    
4 1344441   213444414   第三借阅区/ [索取号:TP385/84] 在馆    
唐山师范学院图书馆 欢迎您!
大连网信软件有限公司© 版权所有